Biggest North American "O" Cities by Picture - Statistics

General Stats
  • This quiz has been taken 35 times
  • The average score is 8 of 16
Answer Stats
Picture Hint Answer % Correct
🇺🇸 320 000 Orlando
97%
🇨🇦 1 070 000 Ottawa
94%
🇺🇸 700 000 Oklahoma City
79%
🇺🇸 440 000 Oakland
70%
🇲🇽 260 000 Oaxaca City (Oaxaca de Juárez)
67%
🇺🇸 480 000 Omaha
67%
🇺🇸 200 000 {Overland} Park
64%
🇺🇸 140 000 Orange
55%
🇺🇸 200 000 Oxnard
48%
🇺🇸 180 000 Ontario
45%
🇺🇸 120 000 Odessa
39%
🇺🇸 170 000 Oceanside
27%
🇺🇸 150 000 Olathe
21%
🇨🇦 340 000 Oshawa
21%
🇲🇽 390 000 Ojo de Agua
3%
🇲🇽 120 000 Orizaba
3%
No matching quizzes found
Score Distribution
Percent of People with Each Score
Percentile by Number Answered
Your Score History
You have not taken this quiz